000 00634nam a2200217Ia 4500
999 _c38794
_d38794
003 OSt
005 20220408113848.0
008 160316s1967 xxu||||| |||| 00| 0 eng d
020 _a9780801403439
040 _cn
082 _a322.109747
_bPRA
100 _aPratt John Webb
245 _aReligion, politics, and diversity; the church-state theme in New York history
260 _aNew York
_bCornell University Press
_c1967
300 _a327p
365 _b Gratis
505 _aContents THE COLONIAL BACKGROUND; The Roots; Trials; Copyright
650 _a1. Church & State - New York
700 _a
_a
942 _2ddc
_cBK